Science-6 (Record no. 12511)
[ view plain ]
| 000 -LEADER | |
|---|---|
| fixed length control field | 00242nam a22000977a 4500 |
| 008 - FIXED-LENGTH DATA ELEMENTS--GENERAL INFORMATION | |
| fixed length control field | 231212b |||||||| |||| 00| 0 eng d |
| 020 ## - INTERNATIONAL STANDARD BOOK NUMBER | |
| International Standard Book Number | 9789389535396 |
| 100 ## - MAIN ENTRY--PERSONAL NAME | |
| Personal name | Jain Anima |
| 9 (RLIN) | 7734 |
| 245 ## - TITLE STATEMENT | |
| Title | Science-6 |
| 260 ## - PUBLICATION, DISTRIBUTION, ETC. (IMPRINT) | |
| Place of publication, distribution, etc. | New Delhi |
| Name of publisher, distributor, etc. | Future Kids |
| Date of publication, distribution, etc. | 2023 |
| Withdrawn status | Lost status | Source of classification or shelving scheme | Damaged status | Koha normalized classification for sorting | Not for loan | Home library | Current library | Shelving location | Date acquired | Total Checkouts | Full call number | Barcode | Date last seen | Price effective from | Koha item type |
|---|---|---|---|---|---|---|---|---|---|---|---|---|---|---|---|
| Dewey Decimal Classification | JAI_500_000000000000000 | Good Samaritan School Library | Good Samaritan School Library | Science | 12/12/2023 | JAI500 | JAI17786 | 12/12/2023 | 12/12/2023 | BOOK |